00363nam a22001337a 4500022001800000082001400018100002500032245006600057250001400123260004200137300000800179490002000187650002200207 a9789559244417 a547.2 PAD aPadumadasa,Chayanika aApplications of Organometallic Compounds in Organic Synthesis aMonograph aColombobCollege of chemical sciences a38p amonograph No;32 aorganic synthesis